250 Marvel Superheroes - Estadísticas

Estadísticas generales
  • Esta prueba ha sido intentada 825 veces
  • La puntuación promedio es 51 de 250
Estadísticas de respuestas
Respuesta % Correcto
Iron-Man
98%
Hulk
97%
Spider-Man
95%
Thor
92%
Captain America
85%
Black Widow
82%
Wolverine
81%
Ant-Man
80%
Hawkeye
75%
Black Panther
73%
Doctor Strange
73%
Deadpool
71%
Gamora
70%
Star-Lord
69%
Groot
68%
Rocket Raccoon
68%
Captain Marvel
67%
Scarlet Witch
66%
Falcon
65%
The Wasp
65%
Vision
64%
Winter Soldier / Bucky Barnes
63%
Drax the Destroyer
62%
The Thing
61%
Daredevil
60%
Human Torch
56%
Mr. Fantastic
56%
Storm
56%
Quicksilver
55%
She-Hulk
54%
Professor X
53%
Beast
52%
Invisible Woman
52%
Cyclops
51%
Mantis
50%
War Machine
50%
Nebula
49%
Iron-Fist
48%
Nick Fury
48%
Agent Venom (Flash Thompson)
46%
Punisher
45%
Luke Cage
44%
Ms. Marvel
44%
Gambit
41%
Miles Morales
41%
Jean Grey
40%
Jessica Jones
40%
Moon Knight
40%
Ice-Man
39%
Shang-Chi
39%
Spider Gwen
38%
Blade
37%
Silver Surfer
37%
Elektra
36%
Colossus
35%
Odin
35%
Ghost Rider
34%
Wong
33%
Namor
32%
Nightcrawler
32%
Red Hulk
32%
Rogue
32%
Spider Woman
32%
Nova
31%
Shuri
30%
Adam Warlock
29%
Angel
29%
Iron-Heart
29%
Sentry
27%
Black Bolt
26%
Cable
25%
Kate Bishop
24%
Maria Hill
24%
Valkyrie
23%
America Chavez
22%
X-23
22%
Jubilee
21%
Rachel Grey / Rachel Summers (Phoenix)
21%
Emma Frost
20%
Hercules
20%
Medusa
20%
Okoye
20%
Psylocke
20%
White Tiger
20%
Yelena Belova
20%
Bishop
19%
Domino
19%
Ikaris
19%
Jane Foster (Thor)
19%
Photon / Pulsar /Spectrum / Captain Marvel (Monica Rambeau)
19%
Wiccan
19%
Black Cat
18%
Heimdall
18%
Magik
17%
Speed
17%
Captain Britain
16%
Shadowcat / Kitty Pryde
16%
Banshee
15%
Cloak
15%
Havok
15%
Howard the Duck
15%
Squirrel Girl
15%
U.S. Agent
15%
Wonder Man
15%
Black Knight
14%
Dagger
14%
Man-Thing
14%
Sersi
14%
Sif
14%
Spider-Man 2099
14%
Hulkling
13%
Spider-Girl
13%
Ajak
12%
Crystal
12%
Echo
12%
Makkari
12%
Polaris
12%
Sprite
12%
Stature
12%
Sunspot
12%
Thena
12%
Druig
11%
Gilgamesh
11%
Iron-Lad
11%
Lockjaw
11%
Beta Ray Bill
10%
Dazzler
10%
Franklin Richards
10%
Kingo
10%
Mockingbird
10%
Patriot
10%
Phastos
10%
Phil Coulson
10%
Quake
10%
Werewolf by Night
10%
Agent 13 (Sharon Carter)
9%
Cannonball
9%
Clea
9%
Forge
9%
Rescue (Pepper Potts)
9%
Ant-Man (Scott Lang)
8%
Fandral
8%
Hogun
8%
Karnak
8%
Namora
8%
Quasar
8%
Scarlet Spider
8%
Tigra
8%
Triton
8%
Volstagg
8%
Firestar
7%
Gorgon
7%
Misty Knight
7%
Multiple Man
7%
Skaar
7%
Amadeus Cho
6%
Angela
6%
Blink
6%
Guardian
6%
Hellcat
6%
Moon-Girl
6%
Namorita
6%
Sunfire
6%
Wolfsbane
6%
Colleen Wing
5%
Hyperion
5%
Ka-Zar
5%
Longshot
5%
Mar-Vell
5%
Moondragon
5%
Moonstar
5%
Nico Minoru
5%
Northstar
5%
Pixie
5%
Rick Jones
5%
Silver Sable
5%
Songbird
5%
The Watcher (Uatu)
5%
Warpath
5%
Armor
4%
Boom Boom
4%
Justice / Vance Astrovik
4%
Machine Man
4%
Phyla-Vell
4%
Puck
4%
Sasquatch
4%
Speedball
4%
Swordsman
4%
Union Jack
4%
X-Man
4%
Brother Voodoo
3%
Celeste Cuckoo
3%
Deathlok
3%
Devil Dinosaur
3%
Esme Cuckoo
3%
Fantomex
3%
Irma " Mindee" Cuckoo
3%
Lockheed
3%
Phoebe Cuckoo
3%
Prowler
3%
Shatterstar
3%
Sophie Cuckoo
3%
Strong Guy
3%
3-D Man
2%
Abigail Brand
2%
Ant-Man (Eric O'Grady)
2%
Aurora
2%
Balder the Brave
2%
Black Goliath
2%
Cecilia Reyes
2%
Chase Stein
2%
Cypher
2%
Daimon Hellstrom
2%
Doc Samson
2%
Genis-Vell
2%
Husk
2%
Jack of Hearts
2%
Karolina Dean
2%
Moon-Boy
2%
Nighthawk
2%
Noh-Varr
2%
Prodigy
2%
Rictor
2%
Rockslide
2%
Shaman
2%
Siryn
2%
Snowbird
2%
Stingray
2%
Thunderstrike
2%
Two-Gun Kid
2%
Vindicator
2%
Xorn
2%
Alex Power
1%
Alex Wilder
1%
Anole
1%
Chamber
1%
Feral
1%
Gateway
1%
Gertrude Yorkes
1%
Jack Power
1%
Katie Power
1%
Kid Colt
1%
Marrina
1%
Meggan
1%
Molly Hayes
1%
Old Lace
1%
Talisman
1%
Victor Mancha
1%
Julie Power
0%
Layla Miller
0%
No se encontraron pruebas coincidentes
Distribución de puntuación
Porcentaje de gente con cada puntuación
Porcentaje por número respondido
Historial de tus puntuaciones
No has intentado esta prueba.